ბათუმის შოთა რუსთაველის სახელმწიფო უნივერსიტეტის ბიბლიოთეკა

ხელნაწერთა აღწერილობა.ტ 1. (ბიბ.ჩანაწერი № 44731)

000 -LEADER
fixed length control field 00833nam a2200181Ia 4500
001 - CONTROL NUMBER
control field 11536
003 - CONTROL NUMBER IDENTIFIER
control field GE_BSU
008 - FIXED-LENGTH DATA ELEMENTS--GENERAL INFORMATION
fixed length control field 181216s||||||||xx |||||||||||||| ||und||
040 ## - CATALOGING SOURCE
Transcribing agency GE_BSU
080 ## - UNIVERSAL DECIMAL CLASSIFICATION NUMBER
Universal Decimal Classification number 091(=353.1)
245 ## - TITLE STATEMENT
Title ხელნაწერთა აღწერილობა.ტ 1.
245 ## - TITLE STATEMENT
Statement of responsibility, etc. შედგენილია და დასაბეჭდად მომზადებული მუზეუმის მეცნიერი მუშაკის ე.ნიკოლაძის მიერ; რედაქტორი:პროფ.კ.კეკელიძე.
260 ## - PUBLICATION, DISTRIBUTION, ETC.
Place of publication, distribution, etc. თბილისი.
260 ## - PUBLICATION, DISTRIBUTION, ETC.
Name of publisher, distributor, etc. საქ.სსრ მეცნ.აკად.გამბა.
260 ## - PUBLICATION, DISTRIBUTION, ETC.
Date of publication, distribution, etc. 1953.
653 ## - INDEX TERM--UNCONTROLLED
Uncontrolled term ხელნაწერთა აღწერილობა.ტ 1.
942 ## - ADDED ENTRY ELEMENTS (KOHA)
Koha item type წიგნი
ეგზემპლარები
Withdrawn status Lost status Damaged status Not for loan Date acquired Barcode Date last seen Price effective from Koha item type
        2018-12-17 19386 2018-12-17 2018-12-17 წიგნი